000 00301nam a2200133Ia 4500
008 240624s9999 xx 000 0 und d
041 _aeng
082 _a302.35 MAR
100 _aMARCH JAMES G
245 _aAMBIGUITIES OF EXPERIENCE
260 _c2010
_aPr,2010
300 _a160 : p.
365 _cRS
999 _c18312
_d18312